000 01607nam1a2200313 i 4500
001 RU\NLR\BIBL_A\011780771
005 20260405150028.0
010 _a9785988033875
035 _a(NLR Aleph) 011780771
090 _a11775503
_c11775503
100 _a20180903d2018 k y0rusy50 ca
101 0 _arus
102 _aRU
105 _a||||z||||||||
200 1 _aБолезни кишечника у детей
_f[Бельмер Сергей Викторович, д.м.н., проф., Разумовский Александр Юрьевич, д.м.н., проф., чл.-кор. РАН, Хавкин Анатолий Ильич, д.м.н., проф. и др.]
_gпод общей редакцией С.В. Бельмера [и др.]
210 _aМосква
_cМедпрактика-М
_d2018
215 _d21
300 _aАвт. указаны на с. 5-9
606 _aКишечник детей
_xАномалии
_92170448
_3RU\NLR\AUTH\661305652
606 _aКишечник детей
_xБолезни
_92580715
_3RU\NLR\AUTH\661525650
686 1 _aР733.413.3
686 1 _aР733.457.465.330.50
701 1 _8rus
_7ca
_aБельмер
_bС. В.
_f1960-
_gСергей Викторович
_3RU\NLR\auth\7761385
_944315
701 1 _aРазумовский
_bА. Ю.
_cд-р мед. наук
_f1955-
_gАлександр Юрьевич
_9153509
_3RU\NLR\AUTH\770153547
701 1 _8rus
_7ca
_aХавкин
_bА. И.
_f1958-
_gАнатолий Ильич
_3RU\NLR\AUTH\7761383
_944313
852 _aNLR
_j2018-3/23142
942 _cBOOK